000 00693nam a2200241Ia 4500
001 45082
005 20240114003656.0
007 ta
008 090306s1957 g b000 u 465 u
040 _aCotton College,Assam
041 _a465
082 _a021.3
_bV 829 H
100 _aViswanathan, C. G .
245 0 _aThe High School Library: Its Organization and Administration /
_cC. G. Viswanathan.
_hTextual Documents
250 _a2nd ed /
260 _aBombay :
_bAsia Publishing House ,
_c1957.
300 _a170p. ;
_c20 cm.
653 _aLibrary and information Science
653 _aT/G-Library Science
942 _2ddc
_cBK
999 _c45048
_d45048